Soccer clubs with the most titles in each country - Statistics

General Stats
  • This quiz has been taken 99 times
  • The average score is 11 of 18
Answer Stats
Hint Answer % Correct
Germany (27) Bayern Munchen
100%
Spain (33) Real Madrid
100%
Italy (33) Juventus
98%
Portugal (36) Benfica
95%
England (20) Manchester United
95%
Netherlands (33) Ajax
93%
Turkey (20) Galatasaray
79%
Belgium (34) Anderlecht
74%
Cyprus (26) APOEL
55%
Greece (44) Olympiakos
55%
Ukraine (15) Dynamo Kiev
54%
France (10) Saint-Etienne
54%
Russia (10) Spartak Moscow
51%
Mexico (12) América
49%
Saudi Arabia (14) Al-Hilal
24%
Japan (8) Kashima Antlers
6%
San Marino (7) Tre Fiori
5%
China (8) Dalian Shide
2%
No matching quizzes found
Score Distribution
Percent of People with Each Score
Percentile by Number Answered
Your Score History
You have not taken this quiz